Central Library OPAC University of Rajshahi

Islam in tropical Africa : (Record no. 32466)

MARC details
000 -LEADER
fixed length control field 01144nam a2200265 a 4500
001 - CONTROL NUMBER
control field 32466
003 - CONTROL NUMBER IDENTIFIER
rucl marc code BD-RjUL
005 - DATE AND TIME OF LATEST TRANSACTION
control field 20211209051835.0
008 - FIXED-LENGTH DATA ELEMENTS--GENERAL INFORMATION
fixed length control field 140426s1966 enkb b 001 0 eng d
035 ## - SYSTEM CONTROL NUMBER
System control number (BD-RjUL)32555
040 ## - CATALOGING SOURCE
Original cataloging agency ANL
Language of cataloging eng
Transcribing agency ANL
Modifying agency ANL:NR
-- BD-RjUL
041 ## - LANGUAGE CODE
Language code of text/sound track or separate title eng
082 04 - DEWEY DECIMAL CLASSIFICATION NUMBER
Classification number 301.4529706
Author mark and year INI 1966
111 2# - MAIN ENTRY--MEETING NAME
Meeting name or jurisdiction name as entry element International Africa Seminar
Number [OBSOLETE] (5th :,
Date of meeting 1964 :
Location of meeting Ahmadu Bello University, Zaria)
9 (RLIN) 98793
245 10 - TITLE STATEMENT
Title Islam in tropical Africa :
Remainder of title studies presented and discussed at the fifth International African Seminar, Ahmadu Bello University, Zaria, January 1964. /
Statement of responsibility, etc. edited with an introd. by I. M. Lewis ; foreword by Daryll Forde.
260 ## - PUBLICATION, DISTRIBUTION, ETC. (IMPRINT)
Place of publication, distribution, etc. London :
Name of publisher, distributor, etc. Oxford University Press for the International African Institute,
Date of publication, distribution, etc. 1966.
300 ## - PHYSICAL DESCRIPTION
Pagination x, 470 p. :
Illustrations maps.
Size 22 cm.
490 0# - SERIES STATEMENT
Series statement International African Institute. Publications
500 ## - GENERAL NOTE
General note Contributions in English and French.
504 ## - BIBLIOGRAPHY, ETC. NOTE
Bibliography, etc Includes bibliographical references and index.
650 #0 - SUBJECT ADDED ENTRY--TOPICAL TERM
Topical term or geographic name as entry element Muslims
Geographic subdivision Africa, Sub-Saharan.
9 (RLIN) 98787
700 1# - ADDED ENTRY--PERSONAL NAME
Personal name Lewis, Ioan Myrddin.
710 2# - ADDED ENTRY--CORPORATE NAME
Corporate name or jurisdiction name as entry element International African Institute.
9 (RLIN) 14177
942 ## - ADDED ENTRY ELEMENTS (KOHA)
Source of classification or shelving scheme Dewey Decimal Classification
Koha item type Books
Holdings
Lost status Source of classification or shelving scheme Damaged status Not for loan Collection code Permanent Location Current Location Shelving location Date acquired Source of acquisition Cost, normal purchase price Total Checkouts Full call number Date last seen Copy number Koha item type
  Dewey Decimal Classification   Not For Loan Non-fiction Central Library, University of Rajshahi Central Library, University of Rajshahi Reading Room 03/12/1968 Zeitlinger 55.00   301.4529706 INI 1966 26/04/2014 C-1 Books
  Dewey Decimal Classification     Non-fiction Central Library, University of Rajshahi Central Library, University of Rajshahi   26/10/1970 Swets & Zeithinger 80.00   301.4529706 INI 1969 07/08/2016 C-2 Books